|
|
|
|
| LEADER |
00000naa0a2200000 4500 |
| 001 |
597990 |
| 005 |
20250217164537.0 |
| 035 |
|
|
|a (RuTPU)RU\TPU\tpu\21461
|
| 035 |
|
|
|a RU\TPU\tpu\21458
|
| 090 |
|
|
|a 597990
|
| 100 |
|
|
|a 20120608d2002 k y0rusy50 ca
|
| 101 |
0 |
|
|a rus
|
| 102 |
|
|
|a RU
|
| 200 |
1 |
|
|a Сорбция тяжелых металлов на природных минералах
|f А. Ю. Годымчук, В. И. Верещагин
|
| 333 |
|
|
|a В фонде НТБ ТПУ отсутствует
|
| 463 |
|
|
|t Промышленная экология. Международные стандарты качества ISO 9001 и 14000
|o материалы специализированной конференции, Уфа, 30-31 января 2002 г.
|v С. 38-40
|d 2002
|
| 610 |
1 |
|
|a труды учёных ТПУ
|
| 700 |
|
1 |
|a Годымчук
|b А. Ю.
|c специалист в области нанотехнологий и наноматериалов
|c доцент Томского политехнического университета, кандидат технических наук
|f 1978-
|g Анна Юрьевна
|3 (RuTPU)RU\TPU\pers\26193
|9 12001
|
| 701 |
|
1 |
|a Верещагин
|b В. И.
|c химик-технолог
|c профессор Томского политехнического университета, доктор технических наук
|f 1942-
|g Владимир Иванович
|3 (RuTPU)RU\TPU\pers\19774
|4 070
|9 7712
|
| 801 |
|
1 |
|a RU
|b 63413507
|c 20120608
|
| 801 |
|
2 |
|a RU
|b 63413507
|c 20120608
|g RCR
|
| 942 |
|
|
|c BK
|